| 000 | 00784cam a2200193 4500 | ||
|---|---|---|---|
| 001 | ##L131901 | ||
| 008 | 051214n2005 000 0 eng u | ||
| 020 | _a18414067750 | ||
| 035 | _a(Sirsi) u131901 | ||
| 041 | 0 | _aeng | |
| 110 | 2 |
_aAccounting Standards Board _93454 |
|
| 245 | 0 | 0 |
_aFinancial Reporting Standard for Smaller Entities _v(effective January 2005) |
| 260 |
_aLondon _bASB _c2005 |
||
| 300 |
_a267p. _c21cm. |
||
| 490 | 0 | _aASB Financial Reporting Standard | |
| 520 | _aThe Financial Reporting Standard for Smaller Entities (FRSSE) supersedes the FRSSE (effective June 2002) and should be regarded as the standard for financial statements relating to accounting periods beginning on or after 1 January 2005. | ||
| 690 | _aMANAGEMENT-BUSINESS MANAGEMENT | ||
| 942 | _n0 | ||
| 999 |
_c104897 _d104897 |
||